000 00319nam a22001457a 4500
008 180919b xxu||||| |||| 00| 0 eng d
020 _a9781269861977
041 _aeng
080 _a37
082 _a37
100 _a25
101 _aEDU
245 _aReading Across the Disciplines
_cWhorter,K.T
942 _2udc
_cBK
999 _c47994
_d47994